01470cam a2200313 i 4500001000700000003000700007005001700014008004100031020003800072040001500110042000900125084001000134090001000144100001400154245011000168246007200278246007900350250001400429260004000443300003000483490002800513650002500541650002500566650002500591830002800616942001400644999001500658952048300673715584YEEZEN20241226143307.0240613s2024 ch a g 000 0 chi d a9786263058866q(平裝) :cNT$420 aNCUEcNCUE anbic a528.2 a528.21 a陳雪如10a隱性孤單 :b孩子有事不說怎麼辦?35個成長轉型的支持&溝通法則 /c陳雪如Ashley著10a孩子有事不說怎麼辦?35個成長轉型的支持&溝通法則13a孩子有事不說怎麼辦?三十五個成長轉型的支持&溝通法則 a第一版 a臺北市 :b親子天下,c2024.06 a303面 :b圖 ;c21公分1 a家庭與生活 ;v094. 7a親職教育2lcstt. 7a子女教育2lcstt. 7a親子溝通2lcstt. 0a家庭與生活 ;v094. 2cclcBOOK c7625d7625 00102ccl4070ayeezenbyeezencYEEZENd2024-12-26l3m2o528.2pC03209r2025-05-22 00:00:00s2025-04-24w2024-12-26yBOOKz深察孩子問題表象下的真心話 理解孩子從國小到青春期轉型挑戰的大脈絡,看見情緒風暴→懼學→拒學之環環相扣的歷程並及早陪伴。 讓溝通無礙的親子互動策略 校園心理師整理多年諮商經驗中35個常見情境與疑惑,並分享在實務中受許多孩子認可的溝通及互動方式。